[Event "World Rapid 2025"]
[Site "Doha QAT"]
[Date "2025.12.26"]
[Round "5.72"]
[White "Naiditsch, Arkadij"]
[Black "Raja, Harshit"]
[Result "0-1"]
[WhiteTitle "GM"]
[BlackTitle "GM"]
[WhiteElo "2574"]
[BlackElo "2472"]
[WhiteFideId "4650891"]
[BlackFideId "5089000"]
[EventDate "2025.12.26"]
[EventType "rapid"]

1. e4 c5 2. Nf3 d6 3. d4 cxd4 4. Nxd4 Nf6 5. Nc3 a6 6. g3 e5 7. Nb3 Be7 8. Bg2
b5 9. O-O O-O 10. Nd5 Nbd7 11. Na5 Nxd5 12. Nc6 Nc3 13. Nxd8 Nxd1 14. Nc6 Bd8
15. Rxd1 Bc7 16. Ne7+ Kh8 17. Bh3 Nb6 18. Bxc8 Nxc8 19. Nd5 Bd8 20. a4 bxa4 21.
Rxa4 Ne7 22. Be3 Rc8 23. c3 Nxd5 24. Rxd5 Rc6 25. Kf1 Bc7 26. Rb4 g6 27. Ke2 Kg7
28. g4 a5 29. Rb7 Ra8 30. Rd1 Kf6 31. Kd3 Ke6 32. Rb5 h5 33. g5 Rca6 34. b3 Kd7
35. Ra1 Kc6 36. Rd5 Bb8 37. Ra4 Bc7 38. Kc4 Kd7 39. Rb5 Kc6 40. f3 Bd8 41. Rd5
Kd7 42. Kd3 f6 43. gxf6 Bxf6 44. Ra2 Be7 45. Rb5 g5 46. Rb7+ Ke6 47. c4 a4 48.
b4 a3 49. Rb5 Ra4 50. Bd2 Rf8 51. Ke2 Raa8 52. Ra5 Rac8 53. Rc2 g4 54. Rxa3 Rg8
55. b5 Rcf8 56. fxg4 Rxg4 57. Be3 Rxe4 58. Kd3 Rh4 59. b6 Rh3 60. Re2 Rb8 61.
Rb3 Kd7 62. Ke4 Kc6 63. Kf5 Rf3+ 64. Ke6 Bg5 65. Bxg5 Rxb3 66. Rd2 Re8+ 67. Be7
Rxb6 68. Kf7 Kd7 69. Bf8 Rc6 0-1

[Event "World Rapid 2025"]
[Site "Doha QAT"]
[Date "2025.12.26"]
[Round "5.73"]
[White "Davtyan, Artur"]
[Black "Grebnev, Aleksey"]
[Result "0-1"]
[WhiteTitle "IM"]
[BlackTitle "GM"]
[WhiteElo "2474"]
[BlackElo "2632"]
[WhiteFideId "13308327"]
[BlackFideId "34189030"]
[EventDate "2025.12.26"]
[EventType "rapid"]

1. e4 c5 2. Nc3 d6 3. d4 cxd4 4. Qxd4 Nc6 5. Qd2 g6 6. b3 Bh6 7. f4 f5 8. Bb2
Nf6 9. exf5 Bxf5 10. Nf3 Rf8 11. O-O-O Qa5 12. g3 Bg7 13. Nh4 Bg4 14. Be2 O-O-O
15. Nd5 Qxd2+ 16. Rxd2 Bxe2 17. Rxe2 e5 18. Nxf6 Bxf6 19. Ng2 exf4 20. Bxf6 f3
21. Bxd8 fxe2 22. Re1 Kxd8 23. Rxe2 Rf1+ 24. Kb2 Ne5 25. Ne3 Rf3 26. Nd5 Kd7 27.
Rd2 g5 28. Nc3 a6 29. Ne4 Nf7 30. Nc5+ Kc6 31. Ne6 Rf6 32. Nd4+ Kd7 33. g4 Ne5
34. h3 Ng6 35. Nf5 Nf4 36. h4 gxh4 37. Nxh4 Ng6 38. Nf5 Ne5 39. Ne3 Rf3 40. Nf5
Nxg4 41. Nxd6 Kc6 42. Nc4 h5 43. Rd6+ Kc7 44. Rg6 Rf7 45. a4 Rh7 46. a5 Nf2 47.
Ne3 Kd7 48. Nd5 Ne4 49. Rb6 Kd8 50. Re6 Nc5 51. Rg6 Rh8 52. Rd6+ Kc8 53. Nb6+
Kc7 54. Rd5 Kc6 55. Rg5 h4 56. b4 Ne6 57. Re5 Rh6 58. c4 h3 59. b5+ Kc7 60. Re1
h2 61. Rh1 Nf4 62. bxa6 bxa6 63. Kc2 Ne2 64. Nd5+ Kd8 65. Ne3 Ng3 66. Rd1+ Kc8 0-1

[Event "World Rapid 2025"]
[Site "Doha QAT"]
[Date "2025.12.26"]
[Round "5.74"]
[White "Rakotomaharo, Fy Antenaina"]
[Black "Ponkratov, Pavel"]
[Result "1-0"]
[WhiteTitle "IM"]
[BlackTitle "GM"]
[WhiteElo "2434"]
[BlackElo "2587"]
[WhiteFideId "13100050"]
[BlackFideId "4157800"]
[EventDate "2025.12.26"]
[EventType "rapid"]

1. e4 e6 2. d4 d5 3. e5 c5 4. c3 Nc6 5. Nf3 Bd7 6. Be2 f6 7. O-O fxe5 8. Nxe5
Nxe5 9. dxe5 Qc7 10. Re1 Ne7 11. a4 Nc6 12. Bf1 Be7 13. Na3 O-O 14. f4 c4 15.
Be3 Na5 16. Nc2 Nb3 17. Ra2 b6 18. Nd4 Nxd4 19. cxd4 a6 20. Qc2 Qc6 21. g4 b5
22. axb5 axb5 23. Rea1 b4 24. b3 Rxa2 25. Rxa2 Rc8 26. Ra7 cxb3 27. Qxb3 Bf8 28.
f5 Be8 29. fxe6 Qxe6 30. Bg2 Bc6 31. h3 Kh8 32. Ra5 Rb8 33. Ra6 Qd7 34. Bf4 Qf7
35. Bg3 Qb7 36. Ra2 Qb5 37. Rc2 Ra8 38. Rf2 Be7 39. Qf3 h6 40. Qf7 Qb7 41. e6
Rf8 42. Qxf8+ Bxf8 43. Rxf8+ Kh7 44. Rf7 Qc8 45. Be5 Qg8 46. Rc7 Qf8 47. Rxc6 b3
48. Rb6 Qa3 49. Rb7 1-0

[Event "World Rapid 2025"]
[Site "Doha QAT"]
[Date "2025.12.26"]
[Round "5.76"]
[White "Alexakis, Dimitris"]
[Black "Balakrishnan, Praveen"]
[Result "1/2-1/2"]
[WhiteTitle "GM"]
[BlackTitle "GM"]
[WhiteElo "2544"]
[BlackElo "2507"]
[WhiteFideId "4277023"]
[BlackFideId "2064871"]
[EventDate "2025.12.26"]
[EventType "rapid"]

1. e4 e5 2. Nf3 Nc6 3. Bb5 a6 4. Ba4 Nf6 5. O-O Be7 6. Re1 b5 7. Bb3 O-O 8. h3
Bb7 9. d3 d5 10. exd5 Nxd5 11. Nxe5 Nd4 12. Nc3 Nb4 13. Be3 Nxb3 14. axb3 f6 15.
Nf3 Bxf3 16. gxf3 f5 17. f4 Bd6 18. Rc1 Qh4 19. Qf3 Rae8 20. Nd5 Nxd5 21. Qxd5+
Kh8 22. Qf3 Re6 23. Bd2 Rg6+ 24. Kf1 Rh6 25. c4 Qxh3+ 26. Qxh3 Rxh3 27. Be3 Rh1+
28. Kg2 Rxe1 29. Rxe1 Rb8 30. Ra1 bxc4 31. bxc4 Rxb2 32. Rxa6 Rb8 33. Rc6 Rc8
34. c5 Be7 35. Bd4 Kg8 36. Be5 Kf7 37. d4 Bd8 38. d5 g6 39. Ra6 Ke8 40. Ra7 Be7
41. d6 Bf8 42. Kg3 cxd6 43. cxd6 Rd8 44. Rxh7 Bxd6 45. Rg7 Be7 46. Rxg6 Kf7 47.
Rg7+ Ke6 48. Rh7 Rg8+ 49. Kf3 Ra8 50. Bg7 Kf7 51. Bd4+ Ke6 52. Bg7 Kf7 53. Bf8+
Kg6 54. Rh6+ Kf7 55. Rh7+ Kg6 56. Rxe7 Rxf8 57. Ra7 Rb8 58. Kg3 Rb4 59. Ra6+ Kf7
60. Rd6 Ke7 61. Rc6 Kf7 62. Rc3 Kg6 63. Kf3 Kf6 64. Ke3 Re4+ 65. Kf3 Ra4 66.
Rc6+ Kf7 67. Rc5 Kf6 68. Re5 Ra3+ 69. Re3 Ra4 70. Kg3 Kg6 71. f3 Kf6 72. Re8 Kf7
73. Rh8 Rb4 74. Rh4 Ra4 75. Kf2 Ra3 76. Rh6 Ke7 77. Rb6 Kf7 78. Rb4 Ra1 79. Kg3
Rh1 80. Rb2 Kg6 81. Rb6+ Kf7 82. Kf2 Ra1 83. Rb4 Kf6 84. Ke3 Ra3+ 85. Kd4 Rxf3
86. Rb6+ Kf7 87. Ke5 Ra3 88. Rb5 Kg6 89. Rb6+ Kf7 90. Kxf5 Ra5+ 91. Kg4 Rc5 92.
Rb7+ Kf6 93. Rh7 Ra5 94. Rh6+ Kg7 95. Rd6 Kf7 96. Kf3 Rb5 97. Ke4 Ra5 98. Rd4
Kf6 99. Rb4 Rc5 100. Kf3 Kf5 101. Re4 Rc3+ 102. Re3 Rxe3+ 103. Kxe3 Kf6 104. Ke4
Ke6 105. f5+ Kf6 106. Kf4 Kf7 107. Kg5 Kg7 108. f6+ Kf7 109. Kf5 Kf8 110. Kg6
Kg8 111. f7+ Kf8 112. Kf6 1/2-1/2

[Event "World Rapid 2025"]
[Site "Doha QAT"]
[Date "2025.12.26"]
[Round "5.77"]
[White "Murshed, Niaz"]
[Black "Tissir, Mohamed"]
[Result "1-0"]
[WhiteTitle "GM"]
[BlackTitle "IM"]
[WhiteElo "2341"]
[BlackElo "2293"]
[WhiteFideId "10200010"]
[BlackFideId "9000240"]
[EventDate "2025.12.26"]
[EventType "rapid"]

1. d4 d6 2. e4 Nf6 3. Nc3 c6 4. Nf3 Qa5 5. Bd3 e5 6. O-O Bg4 7. Be3 Nbd7 8. h3
Bh5 9. a3 Qc7 10. Be2 Be7 11. Nd2 Bxe2 12. Qxe2 O-O 13. dxe5 dxe5 14. Qc4 Rac8
15. a4 a5 16. Rfd1 Rfe8 17. Nf1 b6 18. Ng3 Nc5 19. Nf5 Bf8 20. Bg5 Re6 21. Qe2
h6 22. Bh4 g6 23. Bxf6 gxf5 24. Bh4 f4 25. Nb1 Rg6 26. Nd2 Be7 27. Nf3 Kh8 28.
Kh2 Rcg8 29. Rg1 Bg5 30. g4 Be7 31. Bxe7 Qxe7 32. Qc4 Rd6 33. Rad1 Rgd8 34. Rxd6
Rxd6 35. g5 Qe6 36. Qe2 Qg6 37. gxh6 Qxe4 38. Ng5 Qf5 39. Qh5 Rd7 40. h7 Ne6 41.
Nxf7+ Qxf7 42. Rg8+ Qxg8 43. hxg8=Q+ Kxg8 44. Qxe5 Kf7 45. Qf5+ Ke7 46. Kg2 Rd5
47. Qe4 Kd6 48. h4 Rd4 49. Qf5 f3+ 50. Kg3 Rd1 51. Qxf3 Rg1+ 52. Kh2 Rg7 53. h5
Ke7 54. Qxc6 Rg5 55. Qf3 Ng7 56. h6 Rh5+ 57. Qxh5 1-0

[Event "World Rapid 2025"]
[Site "Doha QAT"]
[Date "2025.12.26"]
[Round "5.78"]
[White "Altini, Nicola"]
[Black "Medhus, Vitus Bondo"]
[Result "0-1"]
[WhiteTitle "IM"]
[BlackTitle "FM"]
[WhiteElo "2360"]
[BlackElo "2387"]
[WhiteFideId "833924"]
[BlackFideId "1462547"]
[EventDate "2025.12.26"]
[EventType "rapid"]

1. d4 Nf6 2. c4 c5 3. d5 b5 4. cxb5 a6 5. bxa6 e6 6. Nc3 exd5 7. Nxd5 Nxa6 8.
Bg5 Be7 9. Nxe7 Qxe7 10. Nf3 Rb8 11. b3 Rb6 12. e3 Bb7 13. Be2 h6 14. Bxf6 Rxf6
15. O-O O-O 16. a3 Rd6 17. Qc2 Rg6 18. g3 Qe6 19. Nh4 Rf6 20. Ng2 Re8 21. f3 g5
22. Rad1 d6 23. g4 Nb8 24. b4 cxb4 25. axb4 Nc6 26. e4 Ne5 27. Ne3 Ng6 28. Bc4
Qe5 29. Nf5 Nf4 30. Qb3 d5 31. Bxd5 Bxd5 32. Rxd5 Nxd5 33. Qxd5 Qb8 34. Qd4 Qb6
35. Rd1 Rd8 36. Ne7+ Kg7 37. Nd5 Qxd4+ 38. Rxd4 Rxf3 39. Kg2 Rb3 40. Rc4 Rb2+
41. Kg3 Ra8 42. Rc3 Raa2 43. Ne3 Rxb4 44. e5 Rab2 45. Rc6 R2b3 46. Kf3 Rf4+ 47.
Ke2 Re4 0-1

[Event "World Rapid 2025"]
[Site "Doha QAT"]
[Date "2025.12.26"]
[Round "5.79"]
[White "Smirnov, Mark"]
[Black "Lobanov, Sergei"]
[Result "1-0"]
[WhiteTitle "FM"]
[BlackTitle "GM"]
[WhiteElo "2420"]
[BlackElo "2527"]
[WhiteFideId "13764594"]
[BlackFideId "24183750"]
[EventDate "2025.12.26"]
[EventType "rapid"]

1. Nf3 d5 2. e3 Nf6 3. c4 e6 4. b3 c5 5. Bb2 Nc6 6. cxd5 exd5 7. Be2 a6 8. d4
cxd4 9. Nxd4 Bb4+ 10. Bc3 Bd6 11. Nd2 O-O 12. O-O Bd7 13. Qc2 Qe7 14. Nxc6 bxc6
15. Bd3 h6 16. Rfe1 Ng4 17. Nf3 f5 18. h3 Nf6 19. Nh4 Ne4 20. Ng6 Qg5 21. Nxf8
Rxf8 22. f4 Qg3 23. Be5 Bxe5 24. fxe5 Qxe5 25. Bxe4 fxe4 26. Rf1 Re8 27. Rac1
Kh7 28. Rf7 Be6 29. Rf4 Qg5 30. Kh2 Bd7 31. Qc5 Re6 32. Qc2 Qe5 33. Qc3 Qg5 34.
Rg4 Qe7 35. Qc5 Qf6 36. Qc3 Qe7 37. Rf1 c5 38. Kh1 Bb5 39. Rf5 d4 40. Qxc5 Qxc5
41. Rxc5 dxe3 42. Rc7 h5 43. Rgxg7+ Kh6 44. Rge7 Rxe7 45. Rxe7 Bd3 46. Kg1 Kg5
47. g3 h4 48. Rg7+ Kf6 49. Rg8 Ke5 50. gxh4 Kd4 51. Rc8 Bb5 52. h5 Kd3 53. h6
Kd2 54. Rg8 Bf1 55. Rf8 Bd3 56. h7 e2 57. Rf2 e3 58. Rxe2+ Kxe2 59. h8=Q 1-0

[Event "World Rapid 2025"]
[Site "Doha QAT"]
[Date "2025.12.26"]
[Round "5.80"]
[White "Al Hosani, Omran"]
[Black "Haug, Havard"]
[Result "0-1"]
[WhiteTitle "IM"]
[BlackTitle "FM"]
[WhiteElo "2340"]
[BlackElo "2416"]
[WhiteFideId "9308733"]
[BlackFideId "1547887"]
[EventDate "2025.12.26"]
[EventType "rapid"]

1. d4 Nf6 2. c4 e6 3. Nf3 a6 4. g3 b5 5. Qc2 Bb7 6. Bg2 bxc4 7. Qxc4 Be7 8. O-O
O-O 9. Nc3 d5 10. Qb3 Nc6 11. Bf4 Na5 12. Qd1 c5 13. dxc5 Bxc5 14. Ne5 Qe7 15.
Qa4 Bb6 16. Bg5 Rfc8 17. Bxf6 Qxf6 18. Nd7 Qd8 19. Nxb6 Qxb6 20. Rab1 Nc4 21.
Qd1 Bc6 22. b3 Nd6 23. Qd2 Rab8 24. Qd3 Bb5 25. Nxb5 Qxb5 26. Qd2 a5 27. Rbc1 g6
28. e3 Qb4 29. Qb2 a4 30. Rxc8+ Rxc8 31. Rd1 axb3 32. Qxb3 Qxb3 33. axb3 Rb8 34.
Rd3 Rb4 35. Bf3 Kg7 36. Kf1 f5 37. Ke1 Rb8 38. Rc3 Nf7 39. Be2 Kf6 40. Kd2 g5
41. h3 Ra8 42. b4 Nd6 43. f3 h5 44. b5 g4 45. hxg4 hxg4 46. b6 gxf3 47. Bxf3 Rb8
48. Rc6 Nc4+ 49. Ke2 Ne5 50. Rc2 Rxb6 51. Kf2 Rb3 52. Be2 Rb6 53. Rc8 Rb2 54.
Ke1 Ra2 55. Rf8+ Ke7 56. Rb8 Kf7 57. Bh5+ Ke7 58. Be2 Nd7 59. Rc8 Nf6 60. Rc7+
Kd6 61. Rc1 Ne4 62. g4 fxg4 63. Bxg4 Rg2 64. Bd1 Nc5 65. Kf1 Rh2 66. Rb1 Ne4 67.
Kg1 Rh3 68. Rb3 Nc5 69. Kg2 Rh8 70. Rb4 Ke5 71. Bf3 Ra8 72. Rb5 Ne4 73. Rb6 Ra2+
74. Kg1 Ng5 75. Bg2 Re2 76. Rb3 Ne4 77. Ra3 Re1+ 78. Kh2 Nd6 79. Kg3 Nc4 80. Kf2
Rb1 81. Ra2 Rb3 82. Re2 Nd6 83. Ra2 Rc3 84. Rd2 Rb3 85. Rc2 Nc4 86. Re2 Rb8 87.
Ra2 Nd6 88. Rd2 Ra8 89. Bf3 Rf8 90. Ke2 Rh8 91. Kf1 Rh3 92. Kg2 Rh4 93. Re2 Ne4
94. Ra2 Rh7 95. Ra3 Nd2 96. Be2 Rf7 97. Bd3 Nc4 98. Bxc4 dxc4 99. Rc3 Kd5 100.
Kg3 e5 101. Rc1 e4 102. Rd1+ Ke5 0-1

[Event "World Rapid 2025"]
[Site "Doha QAT"]
[Date "2025.12.26"]
[Round "5.81"]
[White "Klukin, Kirill"]
[Black "Berend, Fred"]
[Result "1-0"]
[WhiteTitle "IM"]
[BlackTitle "IM"]
[WhiteElo "2414"]
[BlackElo "2213"]
[WhiteFideId "24199273"]
[BlackFideId "4000102"]
[EventDate "2025.12.26"]
[EventType "rapid"]

1. d4 Nf6 2. c4 e6 3. Nc3 Bb4 4. e3 O-O 5. Bd3 Re8 6. Ne2 Bf8 7. e4 d6 8. O-O e5
9. d5 a5 10. f3 Na6 11. Be3 Nd7 12. a3 Nac5 13. Bc2 Nb6 14. b3 Bd7 15. Bf2 Qg5
16. Rb1 g6 17. b4 axb4 18. axb4 Nca4 19. Nxa4 Bxa4 20. c5 Bxc2 21. Qxc2 Nc8 22.
Nc3 c6 23. dxc6 bxc6 24. b5 dxc5 25. bxc6 Ra6 26. c7 Bd6 27. Nd5 Ne7 28. h4 Qh6
29. Nf6+ Kf8 30. Nxe8 Kxe8 31. Qc4 Rc6 32. Rb8+ Kd7 33. Qxf7 Bxc7 34. Rd1+ Rd6
35. Rxd6+ Bxd6 36. Rb7+ Kd8 37. Qe6 Qc1+ 38. Kh2 1-0

[Event "World Rapid 2025"]
[Site "Doha QAT"]
[Date "2025.12.26"]
[Round "5.82"]
[White "Suyarov, Mukhammadzokhid"]
[Black "Assylov, Miras"]
[Result "0-1"]
[WhiteTitle "IM"]
[BlackTitle "FM"]
[WhiteElo "2454"]
[BlackElo "2393"]
[WhiteFideId "14210495"]
[BlackFideId "13728873"]
[EventDate "2025.12.26"]
[EventType "rapid"]

1. e4 e5 2. Nf3 Nc6 3. Bb5 a6 4. Ba4 Nf6 5. O-O Be7 6. Bxc6 dxc6 7. Re1 Nd7 8.
d4 exd4 9. Qxd4 O-O 10. Bf4 Nc5 11. Qe3 Ne6 12. Bg3 Bc5 13. Qc3 Qe7 14. a3 a5
15. Nbd2 a4 16. e5 Bb6 17. Ne4 Nc5 18. Bh4 Nxe4 19. Bxe7 Bxf2+ 20. Kf1 Nxc3 21.
Kxf2 Re8 22. Bg5 Nd5 23. c4 Nb6 24. Rac1 Be6 25. Nd2 h6 26. Be3 Nd7 27. Bd4 Bf5
28. h3 Rad8 29. Nf3 Nf8 30. Bc3 Ne6 31. g4 Bh7 32. Rcd1 Bd3 33. Nd2 Nf4 34. Re3
Bxc4 35. Re4 Nxh3+ 36. Ke1 Bd3 37. Rd4 Rxd4 38. Bxd4 f6 39. Bc3 Ng5 40. Kf2 fxe5
41. Ke3 Bc2 42. Rc1 Bg6 43. Nc4 Ne4 44. Bb4 c5 45. Be1 Nf6 46. g5 hxg5 47. Bg3
Nd5+ 48. Ke2 e4 49. Ne3 Bh5+ 50. Kd2 Rd8 51. Rxc5 c6 52. Bh2 Bf3 53. Nf5 g6 54.
Nd6 Nf4 55. Rxg5 Rxd6+ 56. Ke3 Nh3 0-1

[Event "World Rapid 2025"]
[Site "Doha QAT"]
[Date "2025.12.26"]
[Round "5.83"]
[White "Nikitenko, Mihail"]
[Black "Chekh Adm Khedr, Aram"]
[Result "1-0"]
[WhiteTitle "GM"]
[BlackTitle "FM"]
[WhiteElo "2476"]
[BlackElo "2139"]
[WhiteFideId "13506862"]
[BlackFideId "7601948"]
[EventDate "2025.12.26"]
[EventType "rapid"]

1. e4 c5 2. Be2 Nc6 3. d3 e6 4. f4 d5 5. Nf3 Nf6 6. Nbd2 c4 7. e5 cxd3 8. cxd3
Ng4 9. Nf1 Qb6 10. d4 Bb4+ 11. Bd2 Nh6 12. Ne3 Nxd4 13. Nxd4 O-O 14. Bxb4 Qxb4+
15. Qd2 Qb6 16. O-O Bd7 17. Rac1 f6 18. Kh1 fxe5 19. fxe5 Nf7 20. Nf3 Rae8 21.
Nc2 Bb5 22. Bxb5 Qxb5 23. Ncd4 Qa6 24. Qe2 Qb6 25. Qb5 Qd8 26. Qxb7 Qa5 27. Qb5
Qd8 28. h3 Nh6 29. Qc5 Rf7 30. b4 g5 31. Nc6 Qc7 32. Qd6 Qxd6 33. exd6 Nf5 34.
Nfe5 Ng3+ 35. Kg1 Rxf1+ 1-0

[Event "World Rapid 2025"]
[Site "Doha QAT"]
[Date "2025.12.26"]
[Round "5.84"]
[White "Stribuk, Artiom"]
[Black "Anwoir, Tarik"]
[Result "1-0"]
[WhiteTitle "IM"]
[WhiteElo "2476"]
[BlackElo "2098"]
[WhiteFideId "13515659"]
[BlackFideId "9004904"]
[EventDate "2025.12.26"]
[EventType "rapid"]

1. c4 Nf6 2. g3 d5 3. cxd5 Qxd5 4. Nf3 c6 5. Nc3 Qa5 6. Bg2 Bf5 7. O-O e6 8. d3
Nbd7 9. a3 Be7 10. Rb1 a6 11. b4 Qd8 12. Nd4 Bg6 13. Nb3 O-O 14. Na5 Qc8 15. Bd2
Bd8 16. Qb3 h6 17. Rfc1 Bb6 18. Na4 Bc7 19. Nc5 Rb8 20. Ncxb7 Rxb7 21. Nxb7 Qxb7
22. Rxc6 Qa7 23. Be3 Bb6 24. Bxb6 Nxb6 25. Rbc1 Nbd5 26. Qc4 a5 27. b5 Kh7 28.
e4 Ne3 29. b6 Qxb6 30. Rxb6 Nxc4 31. Rxc4 Rd8 32. Bf1 Ra8 33. f3 Nd7 34. Rb5 f6
35. d4 f5 36. Bd3 Nf6 37. exf5 exf5 38. Bxf5 Bxf5 39. Rxf5 Rb8 40. Rxa5 Rb3 41.
Kf2 Rb2+ 42. Ke3 Rxh2 43. d5 Rh5 44. Rcc5 Nd7 45. Rcb5 Re5+ 46. Kd4 Re1 47. Rb7
Rd1+ 48. Kc3 Nf6 49. Kc4 Rc1+ 50. Kd4 Rg1 51. g4 h5 52. gxh5 Rg5 53. Rc5 Rxh5
54. d6 Rh4+ 55. Ke3 Rh1 56. Rg5 Kh8 57. d7 1-0

[Event "World Rapid 2025"]
[Site "Doha QAT"]
[Date "2025.12.26"]
[Round "5.85"]
[White "Volokitin, Andrei"]
[Black "Gan-Erdene, Sugar"]
[Result "1/2-1/2"]
[WhiteTitle "GM"]
[BlackTitle "IM"]
[WhiteElo "2619"]
[BlackElo "2444"]
[WhiteFideId "14107090"]
[BlackFideId "4902980"]
[EventDate "2025.12.26"]
[EventType "rapid"]

1. e4 c5 2. Nf3 d6 3. Nc3 Nf6 4. d4 cxd4 5. Nxd4 Nc6 6. Bg5 e6 7. Qd3 Bd7 8.
O-O-O a6 9. f4 Be7 10. Nf3 Qa5 11. Kb1 Rd8 12. Qe3 Bc8 13. Bd3 O-O 14. h3 Nb4
15. e5 Nfd5 16. Bxh7+ Kxh7 17. Rxd5 Nxd5 18. Nxd5 Qxd5 19. Bxe7 dxe5 20. fxe5 b5
21. Bxf8 Rxf8 22. Qg5 Kg8 23. h4 Bb7 24. h5 Qd8 25. Qf4 Bxf3 26. gxf3 Kh8 27.
Rg1 Qe7 28. Qg4 Rg8 29. f4 Kh7 30. f5 exf5 31. Qxf5+ Kh8 32. b3 Re8 33. Rd1 Qe6
34. Qf4 Kh7 35. Rd6 Qxe5 36. Qxf7 Qe1+ 37. Kb2 Qe5+ 38. Kb1 Qe1+ 39. Kb2 Qe5+
40. Kb1 Qe1+ 41. Kb2 Qe5+ 42. Kb1 Qe1+ 1/2-1/2

[Event "World Rapid 2025"]
[Site "Doha QAT"]
[Date "2025.12.26"]
[Round "5.86"]
[White "Sasikiran, Krishnan"]
[Black "Gokerkan, Cem Kaan"]
[Result "1/2-1/2"]
[WhiteTitle "GM"]
[BlackTitle "GM"]
[WhiteElo "2538"]
[BlackElo "2510"]
[WhiteFideId "5004985"]
[BlackFideId "6336760"]
[EventDate "2025.12.26"]
[EventType "rapid"]

1. e4 c5 2. Nf3 e6 3. d3 Nc6 4. g3 g6 5. Bg2 Bg7 6. O-O Nge7 7. c3 d5 8. a4 O-O
9. Re1 b6 10. e5 Ba6 11. Na3 h6 12. h4 f6 13. exf6 Rxf6 14. Nh2 Qf8 15. Nb5 Rd8
16. Ng4 Rf5 17. Nc7 Bc8 18. Nxe6 Bxe6 19. Rxe6 h5 20. Nh2 Qf7 21. Re2 Rf8 22. f4
Rf6 23. Nf3 Nf5 24. Qe1 Rd6 25. Ng5 Qd7 26. Bd2 Bf6 27. Kh2 Na5 28. Qd1 Re8 29.
Rxe8+ Qxe8 30. Qf3 Bxg5 31. fxg5 Nb3 32. Re1 Qxa4 33. Bf4 Rd8 34. Qe2 Qd7 35.
Qe5 Qf7 36. Bh3 Rf8 37. Bxf5 Qxf5 38. Qc7 Qxd3 39. Re7 Qc2+ 40. Kh3 Qf5+ 41. Kh2
Qc2+ 42. Kg1 Qd1+ 43. Kg2 Qc2+ 44. Kh3 1/2-1/2

[Event "World Rapid 2025"]
[Site "Doha QAT"]
[Date "2025.12.26"]
[Round "5.87"]
[White "Sankalp, Gupta"]
[Black "Muradli, Mahammad"]
[Result "1/2-1/2"]
[WhiteTitle "GM"]
[BlackTitle "GM"]
[WhiteElo "2557"]
[BlackElo "2581"]
[WhiteFideId "5097010"]
[BlackFideId "13409301"]
[EventDate "2025.12.26"]
[EventType "rapid"]

1. e4 c5 2. Nf3 d6 3. d4 cxd4 4. Qxd4 Nc6 5. Qe3 g6 6. h3 Nf6 7. Be2 Bg7 8. O-O
O-O 9. Rd1 Be6 10. Nc3 Rc8 11. a3 h6 12. Bd2 Nd7 13. Nd5 Nde5 14. Nxe5 dxe5 15.
Bb4 Bxd5 16. Rxd5 Qc7 17. c3 Rfd8 18. Rad1 Rxd5 19. Rxd5 h5 20. Qd3 Rd8 21. Bc5
b6 22. Be3 e6 23. Rxd8+ Nxd8 24. a4 Kh7 25. Qc4 Qe7 26. Qb5 Nb7 27. b4 f5 28.
exf5 exf5 29. Qd5 Nd6 30. a5 Bh6 31. Bxh6 Kxh6 32. axb6 axb6 33. Qc6 Qd8 34. Bd3
e4 35. Bf1 e3 36. Qf3 exf2+ 37. Qxf2 Ne4 38. Qe3+ Kh7 39. c4 h4 40. Bd3 Ng3 41.
c5 bxc5 42. bxc5 Qf6 43. Kf2 Kg7 44. c6 Qd6 45. Qa7+ Kh6 46. Qd7 Qf4+ 47. Ke1
Qc1+ 48. Kf2 Qd2+ 49. Kf3 Nh5 50. Qd4 Qd1+ 51. Kf2 Qd2+ 52. Kf3 Qd1+ 53. Kf2
Qd2+ 1/2-1/2

[Event "World Rapid 2025"]
[Site "Doha QAT"]
[Date "2025.12.26"]
[Round "5.88"]
[White "Gavrilescu, David"]
[Black "Pranav, Anand"]
[Result "0-1"]
[WhiteTitle "GM"]
[BlackTitle "GM"]
[WhiteElo "2542"]
[BlackElo "2591"]
[WhiteFideId "1227190"]
[BlackFideId "46626786"]
[EventDate "2025.12.26"]
[EventType "rapid"]

1. e4 c5 2. Nf3 d6 3. d4 cxd4 4. Qxd4 Nf6 5. Nc3 Nc6 6. Qe3 g6 7. Be2 Bg7 8. O-O
O-O 9. h3 Be6 10. Rd1 Qa5 11. a3 Rac8 12. Qf4 h6 13. Bd2 Qb6 14. Rab1 Rfd8 15.
Be3 Qa5 16. Bd2 Qc7 17. Be3 a6 18. Nd5 Bxd5 19. exd5 Ne5 20. c3 b5 21. a4 Nc4
22. axb5 axb5 23. Bc1 Qb7 24. Qh4 h5 25. Bg5 Nxd5 26. Qe4 Ncb6 27. Bxb5 Rb8 28.
Re1 Rdc8 29. c4 Nb4 30. Qxb7 Rxb7 31. b3 Rcc7 32. Re2 N6d5 33. Rbe1 Nd3 34. Rf1
Nc3 35. Re3 Nc5 36. Bh4 Nxb3 37. Rfe1 Kf8 38. Ng5 Nxb5 39. cxb5 Nd4 40. Ne4 Nf5
41. Ra3 Rc8 42. Bg3 Rxb5 43. Bf4 Rb4 44. Bg5 Bh6 45. Ra7 Bxg5 46. Nxg5 Rbc4 47.
Kh2 R4c7 48. Ra5 Rc2 49. Ne4 h4 50. Rd1 Kg7 51. Ra4 R8c4 52. Rxc4 Rxc4 53. Re1
Rc2 54. Kg1 e6 55. Ng5 d5 56. Nf3 Kf6 57. Ra1 g5 58. Ra8 Rc1+ 59. Kh2 Ne7 60.
Rh8 Rf1 0-1

[Event "World Rapid 2025"]
[Site "Doha QAT"]
[Date "2025.12.26"]
[Round "5.89"]
[White "Raja, Rithvik R"]
[Black "Jumabayev, Rinat"]
[Result "1/2-1/2"]
[WhiteTitle "GM"]
[BlackTitle "GM"]
[WhiteElo "2541"]
[BlackElo "2560"]
[WhiteFideId "35007394"]
[BlackFideId "13702661"]
[EventDate "2025.12.26"]
[EventType "rapid"]

1. c4 c5 2. Nf3 Nc6 3. d4 cxd4 4. Nxd4 g6 5. e4 Nf6 6. Nc3 d6 7. Be2 Nxd4 8.
Qxd4 Bg7 9. Be3 O-O 10. Qd2 a5 11. O-O a4 12. Rfd1 Be6 13. f3 Qa5 14. Rab1 Rfc8
15. b4 axb3 16. axb3 Ng4 17. Bd4 Bxd4+ 18. Qxd4 Ne5 19. Qe3 Qb4 20. f4 Nc6 21.
Kh1 Ra3 22. f5 gxf5 23. Nd5 Bxd5 24. Qg5+ Kh8 25. exd5 Rg8 26. Qh4 Ne5 27. Qxe7
Rg6 28. Bh5 Kg7 29. Bxg6 hxg6 30. Ra1 Rxa1 31. Rxa1 Qc3 32. Rf1 Qd3 33. Re1 Qc3
34. Rf1 Qd3 35. Re1 Qc3 36. Rf1 Qd3 1/2-1/2

[Event "World Rapid 2025"]
[Site "Doha QAT"]
[Date "2025.12.26"]
[Round "5.90"]
[White "Galaviz Medina, Sion Radamantys"]
[Black "Puranik, Abhimanyu"]
[Result "1-0"]
[WhiteTitle "IM"]
[BlackTitle "GM"]
[WhiteElo "2514"]
[BlackElo "2622"]
[WhiteFideId "5123119"]
[BlackFideId "5061245"]
[EventDate "2025.12.26"]
[EventType "rapid"]

1. d4 Nf6 2. c4 g6 3. Nc3 d5 4. cxd5 Nxd5 5. e4 Nxc3 6. bxc3 Bg7 7. Bc4 c5 8.
Ne2 Nc6 9. Be3 O-O 10. O-O Bg4 11. f3 Bd7 12. Rc1 Qc7 13. h4 Rfd8 14. h5 Rac8
15. Qe1 Be8 16. e5 Na5 17. Bd3 Bxe5 18. dxe5 Rxd3 19. Bf4 Nc4 20. Ng3 Qd7 21.
hxg6 fxg6 22. Ne4 Bf7 23. Qh4 Rd5 24. Qh6 g5 25. Nxg5 Qf5 26. g4 Qg6 27. Qh2
Rcd8 28. Ne4 b6 29. Rce1 Rd3 30. e6 Be8 31. Qh4 Bc6 32. Qxe7 Rf8 33. Bg5 Ne5 34.
Nf6+ Rxf6 35. Qxf6 Nxf3+ 36. Rxf3 Rxf3 37. Qxg6+ hxg6 38. e7 Kf7 39. Kh2 Rxc3
40. Rd1 b5 41. Rd6 Rc2+ 42. Kg3 Rc3+ 43. Kh4 Be8 44. Rf6+ Kg7 45. Rf8 Bf7 46.
Bf4 1-0